000
00313nam a2200133Ia 4500
008
150201s2014 xx 000 0 und d
082
_a
616.0707
_b
O2012K
100
_a
K.MANJUNATH
245
_a
ORAL PATHOLOGY
250
_a
1ST
260
_b
ELSEVIER PUBLICATION
650
_a
ORAL PATHOLOGY
942
_2
ddc
_c
BK
_0
7
999
_c
4823
_d
4823